000 00403nam a2200145Ia 4500
005 20251222143250.0
008 251222s9999||||xx |||||||||||||| ||spa||
020 _a9786123250218
082 _a346.460.12/R81
100 _aRomboli, Roberto
245 0 _aJusticia Constitucional, Derechos Fundamentales y Tutela Judicial
250 _a1ra.ed.
264 _bPalestra Editores E. I. R. L.
942 _cLIB
999 _c14920
_d14920